[Event "Caribbean op"]
[Site "Port of Spain"]
[Date "2009.08.06"]
[Round "4"]
[White "Suez Panama, Gilles"]
[Black "Denny, Kevin"]
[Result "0-1"]
[WhiteElo "2122"]
[BlackElo "2351"]
[PlyCount "94"]
[EventDate "2009.08.04"]
[EventType "swiss"]
[EventRounds "9"]
[EventCountry "TRI"]
[SourceTitle "EXT 2015"]
[Source "ChessBase"]
[SourceDate "2014.11.20"]
[SourceVersion "1"]
[SourceVersionDate "2014.11.20"]
[SourceQuality "1"]

1. d4 Nf6 2. Nf3 g6 3. c4 Bg7 4. Nc3 d6 5. e4 0-0 6. Be2 e5 7. dxe5 dxe5 8. Qxd8 Rxd8 9. Bg5 Re8 10. 0-0-0 h6 11. Be3 c6 12. Ne1 Be6 13. f3 Nfd7 14. Nc2 Na6 15. b4 Nb6 16. c5 Nc4 17. Bxc4 Bxc4 18. Rd7 Rab8 19. Rhd1 Be6 20. R7d2 Bf8 21. a3 b6 22. cxb6 axb6 23. Na4 c5 24. b5 Nc7 25. Nc3 Bc4 26. a4 Ne6 27. Kb2 Nd4 28. Na3 Be6 29. Nd5 Bxd5 30. exd5 Ra8 31. Bxd4 cxd4 32. Kb3 Bxa3 33. Kxa3 Red8 34. Rc1 Rxd5 35. Kb4 d3 36. Rc4 f5 37. Rc6 Rd4+ 38. Kc3 Raxa4 39. Rxg6+ Kh7 40. Rxb6 Rac4+ 41. Kb2 e4 42. fxe4 fxe4 43. Re6 Rb4+ 44. Ka2 Rxb5 45. Ka3 Kg7 46. h4 Kf7 47. Ra6 e3 0-1

[Event "Bridgetown Heroes Day-A"]
[Site "Bridgetown"]
[Date "2009.05.02"]
[Round "7"]
[White "Warner, Delisle"]
[Black "Denny, Kevin"]
[Result "1-0"]
[WhiteElo "2209"]
[BlackElo "2354"]
[PlyCount "95"]
[EventDate "2009.04.27"]
[EventType "swiss"]
[EventRounds "9"]
[EventCountry "BAR"]
[SourceTitle "CBM 130 Extra"]
[Source "ChessBase"]
[SourceDate "2009.07.02"]
[SourceVersion "2"]
[SourceVersionDate "2009.07.15"]
[SourceQuality "1"]

1. d4 Nf6 2. Nf3 g6 3. Nc3 d5 4. Bf4 Bg7 5. e3 0-0 6. Be2 c5 7. 0-0 cxd4 8. exd4 Nc6 9. Ne5 Qb6 10. Nxc6 Qxc6 11. Be5 a6 12. Bf3 Be6 13. Ne2 b5 14. Nf4 b4 15. Re1 Rac8 16. Nxe6 Qxe6 17. a3 Qf5 18. Bxf6 Qxf6 19. axb4 Qxd4 20. Qxd4 Bxd4 21. c3 Bf6 22. Bxd5 Rcd8 23. Red1 Rd6 24. Bc4 Rfd8 25. Rxd6 Rxd6 26. Bxa6 Rd2 27. Rb1 e5 28. Kf1 e4 29. b5 Bd8 30. Ke1 Rc2 31. Bb7 Bb6 32. Bxe4 Rxf2 33. Bf3 g5 34. h3 h5 35. c4 g4 36. hxg4 hxg4 37. Bd5 g3 38. b4 Be3 39. Rb3 Bf4 40. b6 Kf8 41. c5 Ke7 42. c6 Rd2 43. Bxf7 Rc2 44. Bd5 Kd6 45. Bf3 Rc1+ 46. Ke2 Rc2+ 47. Kd3 Rc1 48. c7 1-0

[Event "Bridgetown Heroes Day-A"]
[Site "Bridgetown"]
[Date "2009.05.01"]
[Round "6"]
[White "Denny, Kevin"]
[Black "Shabalov, Alexander"]
[Result "0-1"]
[WhiteElo "2354"]
[BlackElo "2569"]
[PlyCount "110"]
[EventDate "2009.04.27"]
[EventType "swiss"]
[EventRounds "9"]
[EventCountry "BAR"]
[SourceTitle "CBM 130 Extra"]
[Source "ChessBase"]
[SourceDate "2009.07.02"]
[SourceVersion "2"]
[SourceVersionDate "2009.07.15"]
[SourceQuality "1"]

1. e4 c5 2. c3 d6 3. d4 Nf6 4. Bd3 g6 5. dxc5 dxc5 6. e5 Nh5 7. Bb5+ Nc6 8. Qxd8+ Kxd8 9. Bxc6 bxc6 10. c4 Be6 11. Be3 Bxc4 12. g4 Ng7 13. Bxc5 h5 14. g5 Ne6 15. Be3 Bd5 16. f3 Bg7 17. Nc3 Bxe5 18. Nxd5 cxd5 19. 0-0-0 Nc7 20. Ne2 e6 21. Nd4 Kd7 22. f4 Bxd4 23. Bxd4 Rhc8 24. Kb1 Nb5 25. Be5 Nd6 26. Rhe1 a5 27. Rd3 a4 28. Bxd6 Kxd6 29. Rd4 a3 30. Re3 axb2 31. Kxb2 Rc6 32. Rb3 Rac8 33. Ra4 R8c7 34. h3 Rc2+ 35. Ka3 Rf2 36. Ra6+ Ke7 37. Ra4 Rcc2 38. Ra7+ Kf8 39. Kb4 Rxa2 40. Rxa2 Rxa2 41. Kc5 Ra4 42. Rf3 Ke7 43. Kc6 Rc4+ 44. Kb6 h4 45. Kb5 Kd6 46. Kb6 d4 47. Ra3 Rc3 48. Ra4 Rb3+ 49. Ka7 Kd5 50. Ka8 Rxh3 51. Ra7 Rh1 52. Rxf7 h3 53. Ra7 h2 54. Ra2 d3 55. Ka7 Kc4 0-1

[Event "Bridgetown Heroes Day-A"]
[Site "Bridgetown"]
[Date "2009.04.28"]
[Round "3"]
[White "Denny, Kevin"]
[Black "Moran Nuque, Augusto"]
[Result "1-0"]
[WhiteElo "2354"]
[BlackElo "2393"]
[PlyCount "141"]
[EventDate "2009.04.27"]
[EventType "swiss"]
[EventRounds "9"]
[EventCountry "BAR"]
[SourceTitle "CBM 130 Extra"]
[Source "ChessBase"]
[SourceDate "2009.07.02"]
[SourceVersion "2"]
[SourceVersionDate "2009.07.15"]
[SourceQuality "1"]

1. e4 e6 2. d4 d5 3. Nd2 Be7 4. Ngf3 Nf6 5. e5 Nfd7 6. Bd3 c5 7. c3 b6 8. a4 cxd4 9. cxd4 Nc6 10. 0-0 Nb4 11. Bb5 a6 12. Be2 Nb8 13. Nb3 N8c6 14. Be3 0-0 15. Ne1 f6 16. exf6 Bxf6 17. f4 Bd7 18. Nf3 Be8 19. Qd2 Bg6 20. Rfc1 Rc8 21. a5 bxa5 22. Nc5 Qd6 23. Ne5 Bxe5 24. fxe5 Qe7 25. Nxa6 Nxa6 26. Bxa6 Rc7 27. Bg5 Qf7 28. Bb5 Rfc8 29. Rf1 Qe8 30. Rxa5 h6 31. Bh4 Be4 32. Ra3 Qh5 33. Bf2 Ne7 34. Rh3 Qg6 35. Rg3 Qh5 36. Be2 Qe8 37. Bg4 Bf5 38. Bd1 Kh7 39. Rc3 Qg6 40. Rg3 Qe8 41. Rc3 Qg6 42. Bh4 Rxc3 43. bxc3 Nc6 44. Rf3 Ra8 45. h3 Be4 46. Rf2 Ra1 47. Kh2 Na5 48. Bg4 Nc4 49. Qf4 Ra7 50. Be2 Bd3 51. Bg4 Be4 52. Be2 Bd3 53. Bd1 Ra1 54. Bg4 Ra7 55. Qf3 Be4 56. Qe2 Bd3 57. Qf3 Be4 58. Qf4 Rc7 59. Bd8 Rd7 60. Bh4 Rc7 61. Bg3 Ra7 62. h4 h5 63. Be2 Bf5 64. Bxc4 dxc4 65. d5 Bd3 66. d6 Rd7 67. Qf8 Qe4 68. Rf7 Rxf7 69. Qxf7 Be2 70. d7 Qd5 71. Qf2 1-0